To the lighthouse /

Bibliographic Details
Main Author: Woolf, Virginia, 1882-1941
Format: Book
Language:English
Published: San Diego : Harcourt Brace Jovanovich, [1990]
Series:HBJ modern classic.

MARC

Tag First Indicator Second Indicator Subfields
LEADER 00000cam a2200000 a 4500
001 in00000929021
005 20150925130057.0
008 891120s1990 cau 00011 eng
010 |a  89026838  
020 |a 0151907374 :  |c $15.95 
035 |a (OCoLC)20756028 
035 |9 AES2801AM 
040 |a DLC  |c DLC  |d UtOrBLW 
049 |a TXAM 
050 1 0 |a PR6045.O72  |b T6 1990 
082 0 0 |a 823/.912  |2 20 
100 1 |a Woolf, Virginia,  |d 1882-1941. 
245 1 0 |a To the lighthouse /  |c Virginia Woolf. 
264 1 |a San Diego :  |b Harcourt Brace Jovanovich,  |c [1990] 
300 |a 236 pages ;  |c 22 cm. 
336 |a text  |b txt  |2 rdacontent 
337 |a unmediated  |b n  |2 rdamedia 
338 |a volume  |b nc  |2 rdacarrier 
490 1 |a An HBJ modern classic 
830 0 |a HBJ modern classic. 
999 |a MARS 
999 f f |s 85a71d5f-4869-3cdf-b492-1b576700977a  |i 3cd9dfcf-7a1a-33e2-a8a1-6c266a94289e  |t 0 
952 f f |p 4_hour  |a Texas A&M University  |b College Station  |c Sterling C. Evans Library  |s Evans Media and Reserves Reserve Coll.  |d Evans: Media and Reserves (Evans 1st floor)  |t 0  |e PR6045.O72 T6 1990  |h Library of Congress classification  |i unmediated -- volume  |m A14814699981 
998 f f |a PR6045.O72 T6 1990  |t 0  |l Evans: Library Stacks